| 000 | 00569nam a2200181 i 4500 | ||
|---|---|---|---|
| 001 | 71631 | ||
| 003 | ES-MaACL | ||
| 005 | 20230906171201.0 | ||
| 007 | t| | ||
| 008 | 040813s1968 sp ||||1| spa d | ||
| 100 | 1 |
_aGeorges, Henri. _956391 |
|
| 245 | 1 | 0 |
_aSin misterios _b: (información sexual para jóvenes de 15 a 18 años) / _cHenri Georges ; versión castellana de Pedro Núñez. |
| 250 | _a[1ª ed.]. | ||
| 260 |
_aBarcelona : _bNova Terra, _c[1968] |
||
| 300 |
_a174 p. ; _c15 cm. |
||
| 700 | 1 |
_aNuñez, Pedro. _986165 |
|
| 852 |
_aES-MaACL _jC-36158 _bR.65285 |
||
| 999 |
_c71631 _d71631 |
||